000 nam a22 a 4500
999 _c1786
_d1786
003 AKMAL
005 20170512090237.0
008 170512s1985 my 00 may d
020 _a9679762181
040 _aAKMAL
082 0 4 _a343.59507867 WUM
090 0 0 _a343.59507867
_bWUM
100 1 _aWu, Min Aun
_93693
245 1 0 _aUndang-undang perhubungan perusahaan di Malaysia /
_cWu Min Aun
260 _aKuala Lumpur :
_bHeinemann (Malaysia) Sdn. Bhd.,
_c1985
300 0 0 _axxvi, 237p. ;
_c22cm
650 0 _aIndustrial relations
_xLaw and legislation
_zMalaysia
_93694
650 0 _aLabor laws and legislation
_zMalaysia
_93695
650 0 _aIndustrial laws and legislation
_zMalaysia
_93696
942 _2ddc
_cBOOK